01012cam a22002771i 450000100090000000300090000900500170001800800410003503500180007604000470009408200200014110000390016124500750020026400440027526400100031930000310032933600260036033700280038633800270041450400520044165000490049365500170054294200120055999900170057195201460058810334776EG-ScBUE20230716134506.0740716t1965 nyub f b 001 0 eng d a(OCoLC)947363 aDLCbengerdacOCanWdOCoLCdDLCdEG-ScBUE04a909.82222bDON1 aDonnelly, Desmond,eauthor.91022410aStruggle for the world :bthe Cold War, 1917-1965 /cDesmond Donnelly. 1aNew York :bSt. Martin's Press,c[1965] 4cc1965 a511 pages :bmaps ;c24 cm 2rdacontentatextbtxt 2rdamediaaunmediatedbn 2rdacarrieravolumebnc aIncludes bibliographical references and index.  7aHistory, Moderny20th century.2BUEsh910225 vReading book 2ddccBB c13103d13103 00102ddc40708Donation-GaMAINbMAINc2NDd2010-01-05eDonationl1o909.82 DONp000019345r2025-07-15 00:00:00s2011-05-28w2010-01-05yBB